Líder pečatil v závere 1. hokejová liga - 15. kolo: Martin doma

Bibliographic Details
Format: Article
Language:Slovak
Subjects:

MARC

LEADER 00000nab a2200000 a 4500
001 vtls000706357
003 SK-MaSNL
005 20260302180708.0
008 180207c1999 xo 0 slo
015 |a SNBRB1999/10-25758 
035 |a CLN000058524 
040 |a SNKBUCL  |b slo  |c SNKBUCL  |e AACR2 
041 0 |a slo 
044 |a xo  |c SK 
080 |a 796.966.093.1  |2 UDC-MRF-SK2 
245 0 0 |a Líder pečatil v závere  |b 1. hokejová liga - 15. kolo: Martin doma 
650 0 7 |a hokej ľadový  |x liga 1.  |y sezóna 1999/2000  |x kolo 15.  |2 snkbucl  |9 890161 
655 7 |a články z novín a časopisov  |2 snkbucl  |9 267496 
773 0 |t Šport  |g Roč. 53, č. 253 (3.11.1999), s. 4 
850 |a Slovenská národná knižnica v Martine 
852 |a SNK  |b KIS3GCP 
958 |a RBX 
999 |c 1411513  |d 1413443